[Event "España ch Sel. Autonomicas"]
[Site "Calvia ESP"]
[Date "2007.05.03"]
[Round "1.44"]
[White "Ceballos Hornero, Daniel"]
[Black "Andres Gonzalez, Ivan"]
[Result "0-1"]
[WhiteElo "2193"]
[BlackElo "2372"]
[PlyCount "86"]
[EventDate "2007.05.03"]
[EventType "team"]
[EventRounds "5"]
[EventCountry "ESP"]
[Source "lmi"]
[SourceDate "2007.05.03"]

1. c4 Nf6 2. Nc3 e5 3. Nf3 Nc6 4. e3 Bb4 5. Qc2 O-O 6. Nd5 Re8 7. Qf5 d6 8.
Nxf6+ Qxf6 9. Qxf6 gxf6 10. b3 a5 11. Bb2 Bc5 12. d3 a4 13. Kd2 axb3 14. axb3
Rxa1 15. Bxa1 Bg4 16. Bb2 Ra8 17. Be2 Ra2 18. Kc2 Ba3 19. Rb1 Nb4+ 20. Kc3 c5
21. h3 Bxf3 22. Bxf3 Bxb2+ 23. Rxb2 Rxb2 24. Kxb2 Nxd3+ 25. Kc3 Nxf2 26. Bxb7
Nh1 27. Be4 Ng3 28. Bc2 Kg7 29. Kd2 f5 30. Ke1 Kf6 31. Kf2 Nh5 32. g4 Ng7 33.
Kg2 h6 34. h4 e4 35. Bd1 Ke5 36. Be2 fxg4 37. Bxg4 f5 38. Bh3 Ne6 39. Kf2 Nd8
40. Bf1 Nc6 41. Be2 f4 42. Bd1 f3 43. Bc2 Ne7 0-1

[Event "España ch Sel. Autonomicas"]
[Site "Calvia ESP"]
[Date "2007.05.03"]
[Round "1.45"]
[White "Aguera Naredo, Javier"]
[Black "Gonzalez Merino, Alberto"]
[Result "1-0"]
[WhiteElo "2365"]
[BlackElo "2167"]
[PlyCount "85"]
[EventDate "2007.05.03"]
[EventType "team"]
[EventRounds "5"]
[EventCountry "ESP"]
[Source "lmi"]
[SourceDate "2007.05.03"]

1. e4 e6 2. d4 d5 3. Nc3 Bb4 4. e5 c5 5. Bd2 Ne7 6. Nf3 b6 7. Nb5 Bxd2+ 8. Qxd2
O-O 9. c3 Ba6 10. a4 Nbc6 11. b4 Nf5 12. Be2 f6 13. exf6 gxf6 14. bxc5 bxc5 15.
dxc5 Nce7 16. Nfd4 Ng7 17. O-O e5 18. Nb3 Qd7 19. Rfd1 Rac8 20. c4 d4 21. Bf3
Ne6 22. Qa5 Bxb5 23. axb5 Nxc5 24. Nxc5 Rxc5 25. Qxa7 Rc7 26. Qa2 Qe6 27. b6
Rc5 28. b7 e4 29. Qb1 exf3 30. b8=Q Rxb8 31. Qxb8+ Kf7 32. Qg3 Rxc4 33. Qxf3
Rc3 34. Qh5+ Kg7 35. Re1 Qd7 36. Qe2 Kf7 37. Qe4 Ng6 38. Rad1 Rc4 39. Rd3 Kg7
40. Red1 Qa4 41. Qb7+ Kg8 42. Qd5+ Kg7 43. Rxd4 1-0

[Event "España ch Sel. Autonomicas"]
[Site "Calvia ESP"]
[Date "2007.05.03"]
[Round "1.46"]
[White "Arce Calva, Elvira"]
[Black "Fidalgo Fernandez, Lucia"]
[Result "1/2-1/2"]
[WhiteElo "1824"]
[BlackElo "2073"]
[PlyCount "122"]
[EventDate "2007.05.03"]
[EventType "team"]
[EventRounds "5"]
[EventCountry "ESP"]
[Source "lmi"]
[SourceDate "2007.05.03"]

1. e4 c5 2. Nc3 Nc6 3. Nge2 Nf6 4. d4 cxd4 5. Nxd4 d6 6. f3 Nxd4 7. Qxd4 g6 8.
Be3 Bg7 9. Qd2 O-O 10. O-O-O Be6 11. g4 Rc8 12. h4 Rxc3 13. Qxc3 Nd5 14. Qd2
Nxe3 15. Qxe3 Qa5 16. Qa3 Qb6 17. Bh3 a5 18. g5 Bc4 19. h5 Qa7 20. f4 b5 21.
Kb1 Be2 22. Rd2 Bxh5 23. f5 b4 24. Qd3 a4 25. fxg6 Bxg6 26. Bf5 a3 27. Bxg6
hxg6 28. Qh3 Ra8 29. Qh7+ Kf8 30. Rdh2 e6 31. c3 bxc3 32. b3 c2+ 33. Rxc2 Qd4
34. Kc1 Qxe4 35. Qh4 Qe5 36. Re1 Qa5 37. Rf1 Kg8 38. Qf4 Rf8 39. Qh4 Qa6 40.
Rh1 Rc8 41. Qe4 Rd8 42. Qf3 Qa5 43. Qf4 Be5 44. Qh4 d5 45. Qh7+ Kf8 46. Rf1 Bg7
47. Qxg6 Qa7 48. Qxe6 Kg8 49. Qf5 Qe3+ 50. Kd1 Qd4+ 51. Kc1 Qa1+ 52. Kd2 Qd4+
53. Qd3 Qb4+ 54. Kc1 Re8 55. Qd2 Qd6 56. Re1 Rd8 57. Qd3 Qf4+ 58. Qd2 Qd6 59.
Qd3 Qf4+ 60. Qd2 Qd6 61. Qd3 Qf4+ 1/2-1/2

[Event "España ch Sel. Autonomicas"]
[Site "Calvia ESP"]
[Date "2007.05.03"]
[Round "1.51"]
[White "Gonzalez Arribas, Vidal Alejandro"]
[Black "Moreno Ruiz, Javier"]
[Result "0-1"]
[WhiteElo "2289"]
[BlackElo "2482"]
[PlyCount "94"]
[EventDate "2007.05.03"]
[EventType "team"]
[EventRounds "5"]
[EventCountry "ESP"]
[Source "lmi"]
[SourceDate "2007.05.03"]

1. c4 g6 2. Nc3 Bg7 3. g3 d6 4. Bg2 Nf6 5. d4 O-O 6. Nf3 Nc6 7. O-O a6 8. e4
Bg4 9. Be3 Nd7 10. Qd2 e5 11. d5 Ne7 12. Ne1 Nb6 13. b3 Bd7 14. Nd3 f5 15. c5
fxe4 16. Bxe4 Nbc8 17. f4 exf4 18. Nxf4 dxc5 19. Bxc5 Nd6 20. Bg2 Bh6 21. Rae1
Nef5 22. Nce2 b6 23. Ba3 Re8 24. Nd4 Nxd4 25. Qxd4 Nb5 26. Qb2 Bg7 27. Qc1 Nxa3
28. Qxa3 Bb5 29. Rxe8+ Qxe8 30. Rd1 Qe3+ 31. Kh1 Rd8 32. Qc1 Qxc1 33. Rxc1 Be5
34. Ne6 Re8 35. Bf3 Re7 36. Kg2 a5 37. Rc2 Ba6 38. Rf2 Rf7 39. Nd8 Rf6 40. Nc6
Bd6 41. Rd2 Rf8 42. Bg4 Bf1+ 43. Kh1 h5 44. Be2 Rf2 45. Nd4 Bc5 46. Bc4 Rxd2
47. d6+ Bxc4 0-1

[Event "España ch Sel. Autonomicas"]
[Site "Calvia ESP"]
[Date "2007.05.03"]
[Round "1.52"]
[White "Roa Alonso, Santiago"]
[Black "Cubas Pons, Juan"]
[Result "1-0"]
[WhiteElo "2423"]
[BlackElo "2220"]
[PlyCount "77"]
[EventDate "2007.05.03"]
[EventType "team"]
[EventRounds "5"]
[EventCountry "ESP"]
[Source "lmi"]
[SourceDate "2007.05.03"]

1. d4 d5 2. c4 e6 3. cxd5 exd5 4. Nc3 Nf6 5. Bg5 c6 6. Qc2 Be7 7. e3 Nbd7 8.
Bd3 O-O 9. Nf3 Re8 10. h3 Nf8 11. Bf4 Bd6 12. Bxd6 Qxd6 13. O-O Be6 14. Rab1 a5
15. a3 N8d7 16. Rfc1 Rac8 17. Na4 g6 18. b4 axb4 19. axb4 b5 20. Nc5 Nb6 21.
Ra1 Nc4 22. Ra6 Ra8 23. Rca1 Rxa6 24. Rxa6 Bc8 25. Ra7 Nd7 26. Qc3 Ndb6 27. Qa1
Qf6 28. Be2 Re7 29. Rxe7 Qxe7 30. Bxc4 Nxc4 31. Ne5 Nxe5 32. dxe5 Qc7 33. Qa5
Qe7 34. Qb6 Qe8 35. Qc7 Kg7 36. Qd6 h6 37. Nb3 Qf8 38. Qf6+ Kh7 39. Nd4 1-0

[Event "España ch Sel. Autonomicas"]
[Site "Calvia ESP"]
[Date "2007.05.03"]
[Round "1.53"]
[White "Pol Guiscafre, David"]
[Black "Candela Perez, Jose"]
[Result "0-1"]
[WhiteElo "2112"]
[BlackElo "2390"]
[PlyCount "64"]
[EventDate "2007.05.03"]
[EventType "team"]
[EventRounds "5"]
[EventCountry "ESP"]
[Source "lmi"]
[SourceDate "2007.05.03"]

1. e4 c5 2. Nc3 d6 3. g3 g6 4. Bg2 Bg7 5. Nge2 Nc6 6. O-O e6 7. d3 Nge7 8. f4
Rb8 9. Be3 Nd4 10. Bf2 Qb6 11. Nxd4 cxd4 12. Na4 Qa5 13. b3 b5 14. Be1 Qc7 15.
Nb2 Bb7 16. a4 a6 17. axb5 axb5 18. Ba5 Qc6 19. Qd2 O-O 20. Rfc1 Rfc8 21. Nd1
Ra8 22. Nf2 Nf5 23. Ng4 Ne3 24. Qe2 Nxg2 25. Kxg2 Ra6 26. Qd2 f5 27. Nf2 Rca8
28. Ra3 fxe4 29. dxe4 e5 30. Kg1 d5 31. Nd3 dxe4 32. Nb4 e3 0-1

[Event "España ch Sel. Autonomicas"]
[Site "Calvia ESP"]
[Date "2007.05.03"]
[Round "1.54"]
[White "Gallardo Garcia, Andres"]
[Black "Bujosa Ribas, Joan"]
[Result "1-0"]
[WhiteElo "2340"]
[BlackElo "2064"]
[PlyCount "53"]
[EventDate "2007.05.03"]
[EventType "team"]
[EventRounds "5"]
[EventCountry "ESP"]
[Source "lmi"]
[SourceDate "2007.05.03"]

1. e4 e6 2. d4 d5 3. e5 c5 4. c3 Nc6 5. Nf3 Qb6 6. a3 cxd4 7. cxd4 Nge7 8. Nc3
Nf5 9. Na4 Qc7 10. b4 Bd7 11. Bb2 Rc8 12. Rc1 a6 13. Bd3 Be7 14. O-O O-O 15.
Nc5 Rfd8 16. Qd2 Qb6 17. Qf4 g6 18. g4 Ng7 19. Ng5 Be8 20. Kg2 Rc7 21. Qe3 Nxb4
22. axb4 Qxb4 23. Bc3 Qb6 24. Nf3 Rdc8 25. Rb1 Qa7 26. Ba5 Rxc5 27. Bb6 1-0

[Event "España ch Sel. Autonomicas"]
[Site "Calvia ESP"]
[Date "2007.05.03"]
[Round "1.55"]
[White "Castell Cantero, Salvador"]
[Black "Rubio Mejia, Luis Ignacio"]
[Result "1/2-1/2"]
[WhiteElo "2050"]
[BlackElo "2265"]
[PlyCount "89"]
[EventDate "2007.05.03"]
[EventType "team"]
[EventRounds "5"]
[EventCountry "ESP"]
[Source "lmi"]
[SourceDate "2007.05.03"]

1. d4 Nf6 2. c4 e6 3. Nc3 Bb4 4. Qc2 c5 5. e3 cxd4 6. exd4 d5 7. Nf3 Nc6 8. Be3
O-O 9. Bd3 dxc4 10. Bxc4 a6 11. O-O b5 12. Be2 Bb7 13. Rfd1 Rc8 14. Rac1 Be7
15. a3 Nd5 16. Qd3 Na5 17. Nd2 Nxe3 18. fxe3 e5 19. d5 f5 20. e4 Bg5 21. Rc2
Bxd2 22. Qxd2 Qb6+ 23. Kh1 Nb3 24. Qg5 Nd4 25. Rcd2 Qd6 26. Bd3 fxe4 27. Bxe4
Rf4 28. Rd3 Rcf8 29. h3 R8f7 30. Rg3 R4f6 31. Qh5 Rh6 32. Qg5 a5 33. Bd3 Qf6
34. Qe3 Qf4 35. Qxf4 Rxf4 36. Bxb5 Rd6 37. Re3 Nxb5 38. Nxb5 Rxd5 39. Rxd5 Bxd5
40. Rxe5 Bc6 41. Rc5 Bxb5 42. Rxb5 a4 43. Kg1 Rc4 44. Rb4 Rc2 45. Kf1 1/2-1/2

[Event "España ch Sel. Autonomicas"]
[Site "Calvia ESP"]
[Date "2007.05.03"]
[Round "1.56"]
[White "Rodrigo Yanguas, Maria"]
[Black "Boix Pons, Catalina"]
[Result "1-0"]
[WhiteElo "1969"]
[BlackElo "2020"]
[PlyCount "63"]
[EventDate "2007.05.03"]
[EventType "team"]
[EventRounds "5"]
[EventCountry "ESP"]
[Source "lmi"]
[SourceDate "2007.05.03"]

1. e4 c5 2. Nc3 a6 3. g3 g6 4. Bg2 Bg7 5. d3 Nc6 6. Be3 d6 7. Qd2 Nf6 8. Bh6
O-O 9. Bxg7 Kxg7 10. Nge2 e5 11. O-O b5 12. f4 b4 13. Nd1 Rb8 14. Ne3 Re8 15.
Rf2 Rb7 16. f5 Nd4 17. Raf1 g5 18. Nc4 h6 19. c3 Nxe2+ 20. Qxe2 bxc3 21. bxc3
a5 22. Rd1 a4 23. d4 cxd4 24. cxd4 Rd7 25. Qc2 exd4 26. Rxd4 Nxe4 27. Rxe4 Rxe4
28. Qxe4 d5 29. Qd4+ f6 30. Nb6 Rd6 31. Nxc8 Qxc8 32. Bxd5 1-0

[Event "España ch Sel. Autonomicas"]
[Site "Calvia ESP"]
[Date "2007.05.04"]
[Round "2.11"]
[White "Vallejo Pons, Francisco"]
[Black "Moreno Ruiz, Javier"]
[Result "1-0"]
[PlyCount "71"]
[EventDate "2007.05.03"]
[EventType "team"]
[EventRounds "5"]
[EventCountry "ESP"]
[Source "lmi"]
[SourceDate "2007.05.03"]
[WhiteElo "2676"]
[BlackElo "2482"]

1. g3 e5 2. c4 Nc6 3. Bg2 g6 4. Nc3 Bg7 5. d3 d6 6. Rb1 a5 7. a3 Nf6 8. Bg5 h6
9. Bxf6 Bxf6 10. Nf3 Bg7 11. b4 axb4 12. axb4 O-O 13. Nd5 Re8 14. b5 Ne7 15.
Nxe7+ Rxe7 16. Nd2 Rb8 17. Qa4 Be6 18. O-O b6 19. Qc2 f5 20. Bd5 Kh7 21. e3 Qf8
22. Ra1 Qf7 23. Ra7 Rf8 24. Qa2 f4 25. Ra8 Bxd5 26. Rxf8 Qxf8 27. cxd5 Rf7 28.
Qc4 h5 29. Nf3 Bh6 30. Qe4 Kg7 31. exf4 exf4 32. Nd4 Kh7 33. gxf4 Bxf4 34. Ne6
Qh6 35. h4 Re7 36. Qxf4 1-0

[Event "España ch Sel. Autonomicas"]
[Site "Calvia ESP"]
[Date "2007.05.04"]
[Round "2.12"]
[White "Roa Alonso, Santiago"]
[Black "Bellon Lopez, Juan Manuel"]
[Result "0-1"]
[PlyCount "125"]
[EventDate "2007.05.03"]
[EventType "team"]
[EventRounds "5"]
[EventCountry "ESP"]
[Source "lmi"]
[SourceDate "2007.05.03"]
[WhiteElo "2423"]
[BlackElo "2425"]

1. d4 d5 2. c4 c6 3. cxd5 cxd5 4. Nc3 Nf6 5. Bf4 a6 6. e3 Nc6 7. Rc1 e6 8. Bd3
Bd6 9. Bxd6 Qxd6 10. Nf3 O-O 11. O-O e5 12. dxe5 Nxe5 13. Nxe5 Qxe5 14. Be2 Rd8
15. Qb3 b5 16. Rfd1 Bg4 17. h3 Bxe2 18. Nxe2 h6 19. Nd4 Rdc8 20. a4 bxa4 21.
Qxa4 Qe8 22. Qxe8+ Rxe8 23. Nc6 Re6 24. Rc2 Kf8 25. Rdc1 Ke8 26. Nd4 Rb6 27.
Nf5 Kf8 28. Rc8+ Rxc8 29. Rxc8+ Ne8 30. Ra8 h5 31. b3 g6 32. Nd4 Ke7 33. Ra7+
Kf6 34. Rd7 Rd6 35. Rb7 Ng7 36. h4 Ne6 37. Nf3 Nc5 38. Rb4 Nd3 39. Rb8 Rc6 40.
Ng5 Rc1+ 41. Kh2 Nxf2 42. Kg3 Ng4 43. Kf4 Rf1+ 44. Nf3 Rf2 45. Rb6+ Kg7 46.
Rxa6 Rxg2 47. e4 dxe4 48. Kxe4 Nf6+ 49. Ke3 Rb2 50. Nd4 Rh2 51. Nf3 Rc2 52. Ra7
Rc3+ 53. Ke2 Nd5 54. Ng5 Rc7 55. Rxc7 Nxc7 56. Kd3 f6 57. Ne4 Kf7 58. Kc4 Ke6
59. b4 Ke5 60. Kd3 Kf5 61. Kd4 g5 62. hxg5 fxg5 63. Nd6+ 0-1

[Event "España ch Sel. Autonomicas"]
[Site "Calvia ESP"]
[Date "2007.05.04"]
[Round "2.13"]
[White "Mascaro March, Pedro"]
[Black "Candela Perez, Jose"]
[Result "1-0"]
[PlyCount "131"]
[EventDate "2007.05.03"]
[EventType "team"]
[EventRounds "5"]
[EventCountry "ESP"]
[Source "lmi"]
[SourceDate "2007.05.03"]
[WhiteElo "2371"]
[BlackElo "2390"]

1. d4 Nf6 2. c4 g6 3. Nc3 Bg7 4. Bg5 d6 5. e4 Na6 6. Bd3 c6 7. Nge2 h6 8. Bd2
O-O 9. O-O e5 10. dxe5 dxe5 11. Bc2 Nc5 12. Be3 Qe7 13. f3 Ne6 14. Qc1 h5 15.
Rd1 h4 16. Rb1 Nh5 17. Kh1 Qf6 18. Rf1 Nef4 19. Qe1 h3 20. g3 Ng2 21. Qf2 Nxe3
22. Qxe3 Kh7 23. Rbd1 Bh6 24. Qf2 Be6 25. b3 Qe7 26. g4 Nf4 27. Nxf4 Bxf4 28.
Ne2 Kg7 29. Nxf4 exf4 30. Qd4+ Qf6 31. e5 Qg5 32. c5 Rfd8 33. Qc3 Rd5 34. Rxd5
Bxd5 35. Kg1 Re8 36. Re1 Kh6 37. Kf1 Re6 38. Bd1 Qe7 39. a3 Kg5 40. b4 f6 41.
exf6 Rxe1+ 42. Qxe1 Qxf6 43. Qd2 Qe5 44. Kf2 Kf6 45. Bc2 Kg7 46. Qd3 Bf7 47.
Qe4 Qc3 48. Bd3 Qxa3 49. Qe5+ Kg8 50. Qb8+ Kg7 51. Qe5+ Kh7 52. Qxf4 Qb2+ 53.
Kg3 Qg2+ 54. Kh4 Bd5 55. Kg5 Qxf3 56. Bxg6+ Kg7 57. Qe5+ Kg8 58. Qb8+ Qf8 59.
Qxb7 Qd8+ 60. Kh5 Qf6 61. Qb8+ Kg7 62. Qxa7+ Kg8 63. Qh7+ Kf8 64. Qh6+ Ke7 65.
Qg5 Ke6 66. Be8 1-0

[Event "España ch Sel. Autonomicas"]
[Site "Calvia ESP"]
[Date "2007.05.04"]
[Round "2.14"]
[White "Gallardo Garcia, Andres"]
[Black "Calzetta, Monica"]
[Result "1/2-1/2"]
[PlyCount "24"]
[EventDate "2007.05.03"]
[EventType "team"]
[EventRounds "5"]
[EventCountry "ESP"]
[Source "lmi"]
[SourceDate "2007.05.03"]
[WhiteElo "2340"]
[BlackElo "2340"]

1. e4 c5 2. Nf3 d6 3. Bb5+ Bd7 4. Bxd7+ Nxd7 5. O-O Ngf6 6. Qe2 e6 7. c3 Be7 8.
d4 O-O 9. Nbd2 cxd4 10. cxd4 Rc8 11. Re1 Qb6 12. Nf1 d5 1/2-1/2

[Event "España ch Sel. Autonomicas"]
[Site "Calvia ESP"]
[Date "2007.05.04"]
[Round "2.15"]
[White "Galiana Salom, Juan Ramon"]
[Black "Rubio Mejia, Luis Ignacio"]
[Result "0-1"]
[PlyCount "118"]
[EventDate "2007.05.03"]
[EventType "team"]
[EventRounds "5"]
[EventCountry "ESP"]
[Source "lmi"]
[SourceDate "2007.05.03"]
[WhiteElo "2245"]
[BlackElo "2265"]

1. e4 c5 2. Nf3 d6 3. d4 cxd4 4. Nxd4 Nf6 5. Nc3 a6 6. Nb3 e6 7. Bd3 Nbd7 8. f4
b5 9. Qf3 Qc7 10. O-O Bb7 11. Bd2 Be7 12. Rae1 b4 13. Nd1 g6 14. Nf2 a5 15. Qg3
Rd8 16. Nh3 d5 17. exd5 Bxd5 18. Ng5 Nc5 19. Nxc5 Qxc5+ 20. Kh1 Qc6 21. Nf3 Ne4
22. Qh3 Nxd2 23. Nxd2 O-O 24. Nf3 Bxf3 25. Rxf3 Bf6 26. b3 Rd4 27. Ref1 Bg7 28.
Qg3 a4 29. Qg5 axb3 30. axb3 Qd5 31. Qg3 Qd8 32. Qe1 Qf6 33. Qe2 Rfd8 34. h3 h5
35. Qf2 R8d7 36. Re3 R4d6 37. Qf3 Rd4 38. Re4 Rxe4 39. Bxe4 h4 40. Bd3 Rd4 41.
Qa8+ Kh7 42. Qf3 Bh6 43. Be4 Kg7 44. Kh2 Qd8 45. Qe2 Qd6 46. Kh1 Bxf4 47. Bd3
Bg3 48. Qf3 Rf4 49. Qe2 Rxf1+ 50. Qxf1 Qd4 51. Qe2 f5 52. Bc4 Be5 53. Bd3 Kf6
54. Bc4 Qf4 55. Kg1 Qc1+ 56. Qf1 Qxc2 57. Qd3 Qc1+ 58. Kf2 Bg3+ 59. Ke2 Qe1+
0-1

[Event "España ch Sel. Autonomicas"]
[Site "Calvia ESP"]
[Date "2007.05.04"]
[Round "2.16"]
[White "Pascual Palomo, Lucia"]
[Black "Serrano Bozada, Esteban"]
[Result "0-1"]
[PlyCount "64"]
[EventDate "2007.05.03"]
[EventType "team"]
[EventRounds "5"]
[EventCountry "ESP"]
[Source "lmi"]
[SourceDate "2007.05.03"]
[WhiteElo "2112"]
[BlackElo "2108"]

1. e4 e6 2. d4 d5 3. Nc3 Bb4 4. exd5 exd5 5. Bd3 Ne7 6. a3 Bd6 7. Qf3 Nbc6 8.
Nb5 Be6 9. Ne2 a6 10. Nxd6+ Qxd6 11. h3 Qd7 12. Bg5 f6 13. Bf4 O-O-O 14. O-O-O
Bf5 15. g4 Bxd3 16. Qxd3 h5 17. f3 Rde8 18. Ng3 h4 19. Nh5 Nf5 20. c3 Ref8 21.
Rdg1 g6 22. Nxf6 Rxf6 23. gxf5 Rxf5 24. Bg5 Qf7 25. f4 Nd8 26. Rg4 Ne6 27. Qe3
Nxg5 28. Rxg5 Rxf4 29. Rxg6 Re8 30. Qd3 Rf3 31. Rg7 Qf4+ 32. Qd2 Rf1+ 0-1

[Event "España ch Sel. Autonomicas"]
[Site "Calvia ESP"]
[Date "2007.05.04"]
[Round "2.21"]
[White "Llaneza Vega, Marcos"]
[Black "Salgado Lopez, Ivan"]
[Result "1/2-1/2"]
[PlyCount "39"]
[EventDate "2007.05.03"]
[EventType "team"]
[EventRounds "5"]
[EventCountry "ESP"]
[Source "lmi"]
[SourceDate "2007.05.03"]
[WhiteElo "2455"]
[BlackElo "2461"]

1. e4 c5 2. Nf3 d6 3. Bb5+ Nc6 4. Bxc6+ bxc6 5. O-O Bg4 6. d3 Nf6 7. e5 dxe5 8.
Nbd2 Nd7 9. Qe2 Qc7 10. Qe4 Bh5 11. Re1 f6 12. Nc4 e6 13. Nfd2 Bf7 14. Qg4 g6
15. f4 f5 16. Qh4 Be7 17. Qh6 Bf8 18. Qh4 Be7 19. Qh6 Bf8 20. Qh4 1/2-1/2

[Event "España ch Sel. Autonomicas"]
[Site "Calvia ESP"]
[Date "2007.05.04"]
[Round "2.22"]
[White "Lariño Nieto, David"]
[Black "Gonzalez Menendez, Ivan"]
[Result "1-0"]
[PlyCount "89"]
[EventDate "2007.05.03"]
[EventType "team"]
[EventRounds "5"]
[EventCountry "ESP"]
[Source "lmi"]
[SourceDate "2007.05.03"]
[WhiteElo "2404"]
[BlackElo "2401"]

1. e4 e6 2. d4 d5 3. Nd2 Nf6 4. e5 Nfd7 5. c3 c5 6. Ngf3 Nc6 7. Bd3 Qb6 8. O-O
g6 9. dxc5 Qc7 10. Nb3 Ndxe5 11. Nxe5 Nxe5 12. Bf4 Bg7 13. Re1 O-O 14. Qe2 f6
15. c4 Qf7 16. cxd5 exd5 17. Nd4 Bg4 18. Qd2 Nxd3 19. Qxd3 Bd7 20. b4 Rfe8 21.
Rad1 f5 22. Nf3 Ba4 23. Rc1 d4 24. Be5 Bxe5 25. Rxe5 Bc6 26. Qxd4 Bxf3 27. gxf3
Qxa2 28. b5 Rxe5 29. Qxe5 Qd2 30. Re1 Qd7 31. Qf6 Rf8 32. c6 bxc6 33. bxc6 Qc7
34. Qe6+ Rf7 35. Qc4 Kg7 36. Qd4+ Kh6 37. Re6 f4 38. Kg2 Rf5 39. h4 a5 40. Qe4
Rf7 41. Qd5 a4 42. Qg5+ Kg7 43. h5 Qc8 44. h6+ Kg8 45. Qe5 1-0

[Event "España ch Sel. Autonomicas"]
[Site "Calvia ESP"]
[Date "2007.05.04"]
[Round "2.23"]
[White "Recuero Guerra, David"]
[Black "Reinaldo Castiñeira, Roi"]
[Result "1/2-1/2"]
[PlyCount "152"]
[EventDate "2007.05.03"]
[EventType "team"]
[EventRounds "5"]
[EventCountry "ESP"]
[Source "lmi"]
[SourceDate "2007.05.03"]
[WhiteElo "2372"]
[BlackElo "2452"]

1. e4 e6 2. d4 d5 3. Nc3 Bb4 4. e5 Ne7 5. a3 Bxc3+ 6. bxc3 b6 7. Qg4 Ng6 8. h4
h5 9. Qd1 Ba6 10. Bxa6 Nxa6 11. Bg5 f6 12. Qd3 Kf7 13. Rh3 Nb8 14. exf6 gxf6
15. Rf3 Nd7 16. Nh3 Qe7 17. Kf1 c5 18. c4 cxd4 19. Qxd4 Kg7 20. Re1 e5 21. Qxd5
fxg5 22. Nxg5 Nf6 23. Ne6+ Kh7 24. Ng5+ Kg7 25. Ne6+ Kh7 26. Ng5+ Kh6 27. Qf7
Qxf7 28. Nxf7+ Kg7 29. Nxh8 Rxh8 30. c5 bxc5 31. Rb3 Rd8 32. Rb7+ Kh6 33. Rxa7
Rd2 34. Rf7 Nd5 35. c4 Nc3 36. g3 Rd4 37. Rc1 Ne4 38. a4 Nd2+ 39. Ke2 Nxc4 40.
a5 Nd6 41. Rc7 Ra4 42. R1xc5 Ne4 43. Rb5 Ra2+ 44. Ke3 Nf6 45. f3 Ra3+ 46. Ke2
e4 47. Rf5 exf3+ 48. Rxf3 Ra2+ 49. Kd1 Rxa5 50. Rxf6 Rd5+ 51. Ke2 Re5+ 52. Kd3
Re3+ 53. Kd4 Rxg3 54. Kd5 Rg4 55. Ke6 Rxh4 56. Kf7 Rf4 57. Rcc6 Kg5 58. Rc5+
Kh6 59. Rcf5 Rxf5 60. Rxf5 Nh8+ 61. Kf6 Ng6 62. Rg5 Nf4 63. Kf5 Nd5 64. Rg6+
Kh7 65. Rd6 Ne7+ 66. Kg5 Kg7 67. Kxh5 Kf7 68. Kg5 Ng8 69. Kf5 Ne7+ 70. Ke5 Ng6+
71. Ke4 Ne7 72. Ra6 Ng6 73. Kf5 Ne7+ 74. Kg5 Ng8 75. Ra7+ Ne7 76. Rb7 Ke6
1/2-1/2

[Event "España ch Sel. Autonomicas"]
[Site "Calvia ESP"]
[Date "2007.05.04"]
[Round "2.24"]
[White "Paramos Dominguez, Roberto"]
[Black "Andres Gonzalez, Ivan"]
[Result "1/2-1/2"]
[PlyCount "137"]
[EventDate "2007.05.03"]
[EventType "team"]
[EventRounds "5"]
[EventCountry "ESP"]
[Source "lmi"]
[SourceDate "2007.05.03"]
[WhiteElo "2425"]
[BlackElo "2372"]

1. d4 d5 2. c4 c6 3. Nc3 Nf6 4. e3 a6 5. Nf3 b5 6. b3 Bg4 7. Be2 e6 8. O-O Be7
9. h3 Bxf3 10. Bxf3 O-O 11. a4 bxc4 12. bxc4 Bb4 13. Na2 Bd6 14. Qb3 Ra7 15.
Nc3 Nbd7 16. Ba3 Bxa3 17. Rxa3 Qa5 18. Rb1 g6 19. Qb4 Qc7 20. Raa1 Rb8 21. Qe7
Re8 22. Qa3 Qa5 23. Qb4 Qc7 24. cxd5 cxd5 25. a5 Rb8 26. Qa3 Rc8 27. Rc1 Qd8
28. Be2 Kg7 29. Na2 Nb8 30. Nb4 Ne4 31. Rxc8 Qxc8 32. Bd3 Nc3 33. Rc1 Rc7 34.
Rc2 Nb5 35. Rxc7 Nxc7 36. Qc3 Qb7 37. Qc5 Nd7 38. Qd6 Nb8 39. Kf1 Nb5 40. Qb6
Qxb6 41. axb6 Nd6 42. Bxa6 Nd7 43. b7 Nb8 44. Bd3 Nxb7 45. Bb5 Nd6 46. Ba4 Ne4
47. Ke1 Kf8 48. f3 Nd6 49. Ke2 Ke7 50. Kd3 f5 51. g4 Nc4 52. Bb3 Nd6 53. g5 Nf7
54. h4 h6 55. f4 h5 56. Ba4 Nd6 57. Ke2 Ne4 58. Bc2 Nd7 59. Nd3 Nd6 60. Ba4 Nb6
61. Bc6 Nf7 62. Nc5 Nc4 63. Bd7 Nd8 64. Bb5 Nd6 65. Ba4 Ne4 66. Kd3 Nd6 67. Nd7
Nc4 68. Ke2 Nf7 69. Nc5 1/2-1/2

[Event "España ch Sel. Autonomicas"]
[Site "Calvia ESP"]
[Date "2007.05.04"]
[Round "2.26"]
[White "Arce Calva, Elvira"]
[Black "Fidalgo Fernandez, Lucia"]
[Result "0-1"]
[PlyCount "70"]
[EventDate "2007.05.03"]
[EventType "team"]
[EventRounds "5"]
[EventCountry "ESP"]
[Source "lmi"]
[SourceDate "2007.05.03"]
[WhiteElo "1824"]
[BlackElo "2073"]

1. e4 c5 2. d3 a6 3. g3 b5 4. Bg2 Bb7 5. f4 e6 6. Nf3 d5 7. e5 d4 8. O-O Qc7 9.
Qe1 Ne7 10. Nbd2 Nd5 11. Ne4 Be7 12. g4 Nd7 13. Qg3 Nb4 14. Ne1 Rc8 15. f5 Bxe4
16. fxe6 Bxg2 17. exd7+ Qxd7 18. Qxg2 O-O 19. a3 Nd5 20. Qe4 f6 21. e6 Qd6 22.
Nf3 Rc6 23. Re1 Nc7 24. Bf4 Qxe6 25. Bxc7 Qxe4 26. Rxe4 Rxc7 27. Re6 f5 28.
Rxa6 fxg4 29. Nd2 Bg5 30. Ne4 Be3+ 31. Kg2 c4 32. dxc4 Rxc4 33. Nd6 Rxc2+ 34.
Kg3 h5 35. Rh1 g5 0-1

[Event "España ch Sel. Autonomicas"]
[Site "Calvia ESP"]
[Date "2007.05.04"]
[Round "2.31"]
[White "Lopez Martinez, Josep Manuel"]
[Black "Garcia Romero, Benjamin Abel"]
[Result "1-0"]
[PlyCount "67"]
[EventDate "2007.05.03"]
[EventType "team"]
[EventRounds "5"]
[EventCountry "ESP"]
[Source "lmi"]
[SourceDate "2007.05.03"]
[WhiteElo "2563"]
[BlackElo "2263"]

1. e4 e5 2. Nf3 Nc6 3. Bb5 a6 4. Ba4 Nf6 5. O-O Be7 6. d3 b5 7. Bb3 d6 8. a4
Na5 9. Ba2 c5 10. c3 Rb8 11. axb5 axb5 12. Nbd2 O-O 13. d4 Qc7 14. Re1 b4 15.
cxb4 Rxb4 16. dxe5 dxe5 17. h3 Ba6 18. Bb1 c4 19. Nf1 Bb7 20. N3d2 Bc6 21. Ne3
Rd8 22. Qf3 Nb3 23. Nxb3 cxb3 24. Nf5 Bf8 25. Bg5 Ra8 26. Nh6+ Kh8 27. Rxa8
Bxa8 28. Bxf6 gxf6 29. Qxf6+ Bg7 30. Nxf7+ Kg8 31. Nh6+ Kh8 32. Qe6 Qb8 33.
Nf7+ Kg8 34. Nd8+ 1-0

[Event "España ch Sel. Autonomicas"]
[Site "Calvia ESP"]
[Date "2007.05.04"]
[Round "2.32"]
[White "Figuero Toro, Julian"]
[Black "Narciso Dublan, Marc"]
[Result "0-1"]
[PlyCount "128"]
[EventDate "2007.05.03"]
[EventType "team"]
[EventRounds "5"]
[EventCountry "ESP"]
[Source "lmi"]
[SourceDate "2007.05.03"]
[WhiteElo "2249"]
[BlackElo "2539"]

1. e4 g6 2. d4 Bg7 3. Nf3 d6 4. c4 Nf6 5. Nc3 O-O 6. Be2 e5 7. O-O Nc6 8. d5
Ne7 9. Ne1 Nd7 10. Nd3 f5 11. f3 Kh8 12. Bd2 Ng8 13. Rc1 Bh6 14. b4 Ndf6 15. c5
Bd7 16. a4 Qe7 17. Nf2 a6 18. cxd6 cxd6 19. a5 Rac8 20. Bxh6 Nxh6 21. Qd2 Nf7
22. b5 axb5 23. Nxb5 Nh5 24. Rxc8 Rxc8 25. Rc1 Qd8 26. Rxc8 Qxc8 27. Qc3 Qxc3
28. Nxc3 Nf6 29. a6 bxa6 30. Bxa6 Kg7 31. Kf1 Kf8 32. Ke2 Ke7 33. Kd3 g5 34.
Ke2 h5 35. Bd3 f4 36. h3 g4 37. hxg4 hxg4 38. Nxg4 Bxg4 39. fxg4 Ng5 40. Kf1
Nxg4 41. Be2 Nf6 42. Bf3 Nd7 43. Kf2 Nc5 44. Ke2 Nb3 45. Bg4 Nd4+ 46. Kf2 Kd8
47. g3 Kc7 48. gxf4 exf4 49. Be2 Kb6 50. Bd3 Kc5 51. Nd1 Ndf3 52. Bc2 Kd4 53.
Bb3 Nd2 54. Bc2 Ndxe4+ 55. Bxe4 Kxe4 56. Nc3+ Ke5 57. Ke2 Ne4 58. Nb5 Kxd5 59.
Kf3 Ke5 60. Nc7 Ng5+ 61. Kg4 Ne6 62. Nb5 d5 63. Nc3 d4 64. Nd1 Ke4 0-1